000
00296nam a2200133Ia 4500
100
_a
Sadasivan/T.A/ Sarathy/D
942
_c
BK
654
_a
machining
245
_a
Cutting tools for productive machining
260
_b
WIDIA
_c
1999
082
_a
671.53
_b
SAD
546
_a
ENGLISH
999
_c
26979
_d
26979